000 00302 a2200109 4500
001 ART_41696
005 20260410161755.0
008 260409a
245 1 0 _aConvenio multilateral
100 1 _aGarcía, Fernando D.
773 0 _tDoctrina tributaria
_g- Nº 371 (feb. 2011)
_wREV4296
999 _c20023
_d20023